000
00268nam a2200097Ia 4500
001
1047242
005
20250826232232.0
008
250824s9999 xx 000 0 und d
245
0
_a
OSMANLI İMPARATORLUĞUNDA ALMAN NÜFUZU
_c
İLBER ORTAYLI
260
_b
KRONİK YAYINLARI
999
_c
1047242
_d
1047242